<?xml version="1.0" encoding="UTF-8"?>
<record
    xmlns:xsi="http://www.w3.org/2001/XMLSchema-instance"
    xsi:schemaLocation="http://www.loc.gov/MARC21/slim http://www.loc.gov/standards/marcxml/schema/MARC21slim.xsd"
    xmlns="http://www.loc.gov/MARC21/slim">

  <leader>00941nam a22002057aa4500</leader>
  <datafield tag="952" ind1=" " ind2=" ">
    <subfield code="0">0</subfield>
    <subfield code="1">0</subfield>
    <subfield code="4">0</subfield>
    <subfield code="7">0</subfield>
    <subfield code="a">03</subfield>
    <subfield code="b">03</subfield>
    <subfield code="d">2015-11-12</subfield>
    <subfield code="l">0</subfield>
    <subfield code="o">NC730 T64 2013</subfield>
    <subfield code="p">03 008546</subfield>
    <subfield code="r">2015-11-12</subfield>
    <subfield code="t">1</subfield>
    <subfield code="w">2015-11-12</subfield>
    <subfield code="y">LB</subfield>
  </datafield>
  <datafield tag="999" ind1=" " ind2=" ">
    <subfield code="c">98436</subfield>
    <subfield code="d">98436</subfield>
  </datafield>
  <controlfield tag="008">151112s2013    sp a|||| |||| 00| 0 spa d</controlfield>
  <datafield tag="020" ind1=" " ind2=" ">
    <subfield code="a">9788415829287</subfield>
  </datafield>
  <datafield tag="050" ind1=" " ind2=" ">
    <subfield code="a">NC730 </subfield>
    <subfield code="b">T64 2013</subfield>
  </datafield>
  <datafield tag="245" ind1=" " ind2=" ">
    <subfield code="a">Collage</subfield>
    <subfield code="b"> : Illustrations Cut &amp; Paste</subfield>
  </datafield>
  <datafield tag="260" ind1=" " ind2=" ">
    <subfield code="a"> Espa&#xF1;a</subfield>
    <subfield code="b"> : Monsa</subfield>
    <subfield code="c">, 2013</subfield>
  </datafield>
  <datafield tag="300" ind1=" " ind2=" ">
    <subfield code="a">191 p&#xE1;ginas</subfield>
    <subfield code="b"> : illustraciones</subfield>
  </datafield>
  <datafield tag="505" ind1=" " ind2=" ">
    <subfield code="a">Sebastian Ospina
Alec Goss
Laurindo Feliciano
Andr&#xE9; Bergamin
Michael Viviani
Franz Falckenhaus
Becha
Ashkan Honarvar
Ludovica Gioscia 
Max-o-matic
Lou Beach
Julien Pacaud
Sammy Slabbinch
Sam Lubiez
Hisham Akira
Mario Wagner </subfield>
  </datafield>
  <datafield tag="519" ind1=" " ind2=" ">
    <subfield code="a">Plan Flexible /
</subfield>
    <subfield code="b">Dise&#xF1;o Gr&#xE1;fico / </subfield>
    <subfield code="c">Dise&#xF1;o de Portadas (P03-2) /</subfield>
    <subfield code="d">(03 008546) </subfield>
  </datafield>
  <datafield tag="650" ind1="1" ind2="0">
    <subfield code="a">DISE&#xD1;O GR&#xC1;FICO (TIPOGRAF&#xCD;A)</subfield>
  </datafield>
  <datafield tag="650" ind1="2" ind2="0">
    <subfield code="a">DIBUJO</subfield>
    <subfield code="x">T&#xC9;CNICA</subfield>
  </datafield>
  <datafield tag="700" ind1=" " ind2=" ">
    <subfield code="a">Abell&#xE1;n, Miguel</subfield>
    <subfield code="e">autor</subfield>
  </datafield>
  <datafield tag="710" ind1=" " ind2=" ">
    <subfield code="a">Instituto Monsa</subfield>
    <subfield code="9">5907</subfield>
  </datafield>
  <datafield tag="942" ind1=" " ind2=" ">
    <subfield code="c">LB</subfield>
  </datafield>
</record>
